Normal view
MARC view
- Khurmi R.S. & Gupta J.K
Entry Personal Name
Number of records used in: 111
001 - CONTROL NUMBER
- control field: 184777
003 - CONTROL NUMBER IDENTIFIER
- control field: OSt
005 - DATE AND TIME OF LATEST TRANSACTION
- control field: 20230612102546.0
008 - FIXED-LENGTH DATA ELEMENTS
- fixed length control field: 230612|| aca||aabn | a|a d
040 ## - CATALOGING SOURCE
- Original cataloging agency: OSt
- Transcribing agency: OSt
100 ## - HEADING--PERSONAL NAME
- Personal name: Khurmi R.S. & Gupta J.K
670 ## - SOURCE DATA FOUND
- Source citation: Work cat.: (OSt)163486: Khurmi R.S. 141538, Textbook Of Refrigeneration And Air Conditioning (Si Units), 1987